000 00247nam a2200097Ia 4500
001 775876
005 20250826165837.0
008 250824s9999 xx 000 0 und d
245 0 _aÖNCE ÇOCUKLAR VE KADINLAR
_cSUNAY AKIN
260 _bÇINAR YAYINLARI
999 _c775876
_d775876